[Event "ICS rated standard match"]
[Site "207.99.5.190"]
[Date "1999.03.10"]
[Round "?"]
[White "Hossa"]
[Black "Gonzalito"]
[Result "1-0"]
[WhiteElo "2234"]
[BlackElo "2054"]
[PlyCount "105"]

1. e4 d5 2. exd5 Qxd5 3. Nc3 Qa5 4. Nf3 Nf6 5. Bc4 Nc6 6. O-O Bg4 7. Bb5 Bd7 8.
Bxc6 Bxc6 9. d3 e6 10. Nd4 Bd7 11. Nb3 Qa6 12. Be3 Bd6 13. Nc5 Bxc5 14. Bxc5 b6
15. Qf3 Rb8 16. Bd4 Qb7 17. Qf4 Nd5 18. Nxd5 Qxd5 19. c4 Qh5 20. Qxc7 Rc8 21.
Qxa7 Bc6 22. f3 O-O 23. Bxb6 Ra8 24. Qc7 Rfc8 25. Qg3 Rab8 26. Bd4 g6 27. Rae1
Qf5 28. Qe5 Qxe5 29. Bxe5 Ra8 30. a3 Rd8 31. d4 Ra4 32. c5 Bd5 33. Kf2 Rd7 34.
h4 Rb7 35. Re2 Rb3 36. Rc1 Bc6 37. Rcc2 Kf8 38. Re3 Rxe3 39. Kxe3 Ke7 40. Rc3
f6 41. Bd6+ Kd7 42. b4 Bb5 43. g3 Kc6 44. Be7 f5 45. Kf4 Kd5 46. Bf6 Ra6 47.
Be5 h6 48. Re3 Bc6 49. Bg7 h5 50. Re5+ Kxd4 51. Rxe6+ Kd5 52. Rxg6 Rxa3 53.
Rd6+ {Gonzalito resigns} 1-0

[Event "ICS rated standard match"]
[Site "207.99.5.190"]
[Date "1999.03.10"]
[Round "?"]
[White "Gonzalito"]
[Black "Hossa"]
[Result "0-1"]
[WhiteElo "2046"]
[BlackElo "2242"]
[PlyCount "136"]

1. d4 Nf6 2. c4 g6 3. Nc3 Bg7 4. e4 d6 5. Nf3 Bg4 6. Be2 O-O 7. Bg5 Nbd7 8. Qc2
Bxf3 9. Bxf3 e5 10. d5 Rc8 11. Bg4 a6 12. h4 Qe8 13. Bxd7 Qxd7 14. Bxf6 Bxf6
15. h5 Qg4 16. f3 Qg3+ 17. Qf2 Qxf2+ 18. Kxf2 Bg5 19. hxg6 hxg6 20. Rh3 Bd2 21.
Ne2 f5 22. Rd1 Bb4 23. Ng3 f4 24. Ne2 Kf7 25. Rdh1 Bc5+ 26. Ke1 Be3 27. Rh7+
Kf6 28. Nc3 Bd4 29. Nd1 Rf7 30. Ke2 Rxh7 31. Rxh7 g5 32. b3 b5 33. Nf2 Bxf2 34.
Kxf2 Kg6 35. Rd7 bxc4 36. bxc4 Kf6 37. a4 a5 38. Kg1 g4 39. fxg4 Kg5 40. Rg7+
Kf6 41. Rd7 Kg5 42. Kf2 Kxg4 43. Rg7+ Kh5 44. Kf3 c6 45. Rd7 cxd5 46. cxd5 Rc3+
47. Kf2 Rc4 48. Rxd6 Rxe4 49. Re6 Kg4 50. d6 Kf5 51. d7 Rd4 52. Re7 Rd2+ 53.
Kf1 Kf6 54. Rh7 Ke6 55. Rh6+ Kxd7 56. Ra6 Ra2 57. Rxa5 Ke6 58. Ra8 Kf5 59. a5
Ke4 60. a6 Ke3 61. Kg1 e4 62. a7 Ra5 63. g3 f3 64. g4 Ke2 65. Rf8 Rxa7 66. Rf4
e3 67. Rf8 f2+ 68. Kg2 68... Rg7 {Gonzalito resigns} 0-1

[Event "ICS rated standard match"]
[Site "207.99.5.190"]
[Date "1999.03.10"]
[Round "?"]
[White "Hossa"]
[Black "Zoff"]
[Result "0-1"]
[WhiteElo "2269"]
[BlackElo "2353"]
[Annotator "Crafty v16.5"]
[PlyCount "85"]

{annotating for player Hossa using a scoring margin of +0.10 pawns. search
time limit is 20.00} 1. e4 1... c5 2. Bc4 e6 3. Nc3 Nc6 4. Nf3 Nf6 5. O-O Be7
6. d4 cxd4 7. Nxd4 Qc7 8. Ndb5 Qb8 9. Qd2 ({9:+0.09} 9. Qd2 9... Ng4 10. Qf4
Nge5 11. b3 a6 12. Na3 Bxa3 13. Bxa3 Nxc4 14. Qxb8 Rxb8 15. bxc4 $10) ({9:+0.36
} 9. Be3 9... a6 10. Nd4 Nxd4 11. Bxd4 Qc7 12. Qd3 e5 13. Be3 13... O-O $14)
9... a6 10. Nd4 Qc7 11. Rd1 ({9:-0.61} 11. Rd1 11... Nxd4 12. Qxd4 Bc5 13. Bf4
Bxd4 14. Bxc7 Bxc3 15. bxc3 Nxe4 16. Be5 $15) ({9:+0.05} 11. Nxc6 11... Qxc6
12. Qd4 Bc5 13. Qd3 b5 14. Bb3 Bb7 15. Rd1 15... O-O $10) 11... Nxd4 12. Qxd4
Bc5 13. Bf4 Bxd4 14. Bxc7 Bxc3 15. bxc3 Nxe4 16. Re1 d5 17. Bd3 Nc5 18. Bd6
Nxd3 19. cxd3 Kd7 20. Bc5 b5 21. Bd4 f6 22. a4 e5 23. Be3 bxa4 24. Rxa4 Kd6 25.
Rb1 Bd7 26. Rb6+ Kc7 27. Rab4 Bb5 28. Re6 Rhb8 29. Re7+ Kd6 30. Rxg7 a5 31. Rb3
a4 32. Rb4 a3 33. Rb1 a2 34. Ra1 Bxd3 35. f4 Rb1+ 36. Kf2 Rxa1 37. Kg3 Rf1 38.
fxe5+ fxe5 39. Bg5 a1=Q 40. Be7+ Ke6 41. c4 Qe1+ 42. Kh3 Bf5+ 43. Rg4 0-1

[Event "ICS rated standard match"]
[Site "207.99.5.190"]
[Date "1999.03.10"]
[Round "?"]
[White "Hossa"]
[Black "MasterMarc"]
[Result "0-1"]
[WhiteElo "2267"]
[BlackElo "2409"]
[Annotator "Crafty v16.5"]
[PlyCount "127"]

{annotating for player Hossa using a scoring margin of +0.10 pawns. search
time limit is 20.00} 1. e4 1... e6 2. d4 d5 3. Nc3 Bb4 4. exd5 exd5 5. Bd3 Nf6
6. Nge2 O-O 7. O-O h6 8. a3 Be7 9. Bb5 a6 10. Ba4 b5 11. Bb3 Bg4 12. Qd3 Qd7
13. Nf4 c6 14. Be3 a5 15. Rae1 ({9:-0.20} 15. Rae1 15... a4 16. Ba2 Na6 17. f3
Bf5 18. Qd2 Rae8 19. Qe2 $10) ({9:-0.07} 15. a4 15... b4 16. Nd1 Re8 17. f3 Bf5
18. Qd2 Na6 19. Re1 $10) 15... a4 16. Ba2 Re8 17. Bb1 Bd6 18. Qd2 Qc7 19. Kh1
Nbd7 20. Qc1 Nf8 21. Bd2 Red8 22. Nce2 g5 23. Nd3 Ne6 24. Ng3 Rdc8 25. Bc3 Re8
26. Ne5 Bh5 27. Nxh5 Nxh5 28. Ng4 Kg7 29. Qd1 Nf6 30. Nxf6 Kxf6 31. Re3 Kg7 32.
Rfe1 Bf4 33. Rh3 f5 34. Qh5 g4 35. Rd3 Bg5 36. f3 Qd7 37. g3 Kh7 38. fxg4 Ng7
39. Qh3 fxg4 40. Qf1 Nf5 41. Re5 Nd6 42. Rd1 Rf8 43. Qe2 Ne4 44. Rf1 Rxf1+ 45.
Qxf1 Kg6 46. Qd3 Rf8 47. Be1 Qf7 48. Kg2 Bd2 49. Bxd2 Qf2+ 50. Kh1 Rf3 51. Re6+
Kf5 52. Re5+ Kf6 53. Re8 Rxd3 54. Rf8+ Ke6 55. Rxf2 Nxf2+ 56. Kg2 Rxd2 57. Kf1
Nh3 58. Ke1 Rxh2 59. b3 Rh1+ 60. Kd2 Rxb1 61. bxa4 bxa4 62. Kc3 h5 63. Kd2 h4
64. c3 0-1

[Event "ICS rated blitz match"]
[Site "207.99.5.190"]
[Date "1999.03.10"]
[Round "?"]
[White "Slonik"]
[Black "Hossa"]
[Result "0-1"]
[WhiteElo "2189"]
[BlackElo "2475"]
[PlyCount "43"]

1. e4 e5 2. Nf3 Nc6 3. Bb5 a6 4. Ba4 b5 5. Bb3 Be7 6. O-O Nf6 7. Re1 O-O 8. c3
Bb7 9. d4 exd4 10. cxd4 Na5 11. Bc2 Re8 12. e5 Nd5 13. Nc3 Nxc3 14. bxc3 Nc4
15. Qd3 g6 16. a4 Bd5 17. Nd2 Be6 18. f4 Bh4 19. Rf1 Bf5 20. Ne4 d5 21. axb5
axb5 22. Ra3 {Slonik resigns} 0-1

[Event "ICS rated bullet match"]
[Site "207.99.5.190"]
[Date "1999.03.10"]
[Round "?"]
[White "TDChess"]
[Black "Hossa"]
[Result "1-0"]
[WhiteElo "2512"]
[BlackElo "2410"]
[Annotator "Crafty v16.5"]
[PlyCount "57"]

{annotating for player Hossa using a scoring margin of +0.10 pawns. search
time limit is 20.00} 1. e4 1... c5 2. Nc3 Nc6 3. Nf3 Nf6 4. Bb5 Nd4 5. e5 Nxb5
6. Nxb5 Nd5 7. O-O a6 8. Na3 e6 9. c4 Nb6 10. d3 Be7 11. Bd2 d5 ({9:-1.27} 
11... d5 12. Ba5 Qc7 13. cxd5 exd5 14. Qb3 Bd8 15. Bxb6 Qxb6 16. Qxd5 16... O-O
$16) ({10:-0.34} 11... O-O 12. Ba5 Qc7 13. Qb3 Bd8 14. Bxb6 Qxb6 15. Qc3 d6 16.
Rae1 dxe5 17. Qxe5 $14) 12. Ba5 Kd7 ({7:-2.20} 12... Kd7 13. Qb3 Kc6 14. cxd5+
exd5 15. Nd4+ cxd4 16. Rac1+ Kd7 17. Bxb6 17... Qe8 $18) ({7:-1.27} 12... Qc7
13. cxd5 exd5 14. Qb3 Bd8 15. Bxb6 Qxb6 16. Qxd5 16... O-O $16) 13. Qb3 Kc6 14.
cxd5+ exd5 ({9:-5.18} 14... exd5 15. Rac1 c4 16. Nxc4 dxc4 17. Rxc4+ Nxc4 18.
Qxc4+ Bc5 19. Bxd8 Rxd8 20. Qxf7 $18) ({9:-4.69} 14... Qxd5 15. Qxb6+ Kd7 16.
Qc7+ Ke8 17. Nc4 Qd7 18. Nd6+ Bxd6 19. exd6 Qxc7 20. dxc7 Ke7 21. Rae1 f6 22.
Bc3 $18) 15. Rac1 c4 ({8:-6.86} 15... c4 16. dxc4 d4 17. c5 Bg4 18. Bxb6 Qd7
19. Qa4+ Kd5 20. Qxd4+ 20... Kc6 $18) ({8:-5.18} 15... d4 16. Nc4 Kd7 17. e6+
Ke8 18. exf7+ Kf8 19. Nxb6 Rb8 20. Qc4 $18) 16. Nxc4 dxc4 17. Rxc4+ Nxc4 18.
Qxc4+ Kd7 19. Bxd8 Kxd8 20. Qxf7 g6 21. Rc1 Bg4 22. Qd5+ Ke8 23. Qxb7 Bxf3 24.
gxf3 Rd8 25. Rc7 Kf8 26. Rxe7 a5 27. Rf7+ Kg8 28. Rg7+ Kf8 29. Qf7# 1-0

[Event "ICS rated standard match"]
[Site "207.99.5.190"]
[Date "1999.03.10"]
[Round "?"]
[White "Hossa"]
[Black "belgiumbulldog"]
[Result "1-0"]
[WhiteElo "2261"]
[BlackElo "2057"]
[PlyCount "93"]

1. e4 e5 2. Nf3 d6 3. Be2 Nf6 4. Nc3 g6 5. d4 exd4 6. Nxd4 Bg7 7. O-O O-O 8.
Bg5 c6 9. Qd3 Qb6 10. Nb3 Nbd7 11. Qxd6 Re8 12. Bf3 Nf8 13. Bxf6 Re6 14. Nd5
Rxd6 15. Nxb6 axb6 16. e5 Re6 17. Nd4 Rxe5 18. Bxe5 Bxe5 19. c3 Ne6 20. Nxe6
Bxe6 21. a3 Bd5 22. Bxd5 cxd5 23. Rad1 Rd8 24. Rd3 f5 25. Rfd1 Rf8 26. Rxd5 Bf6
27. Rd7 h5 28. Rxb7 f4 29. Rdd7 h4 30. Rxb6 Be5 31. Rxg6+ Kh8 32. Rh6+ Kg8 33.
Rxh4 Rf5 34. Rhh7 Bf6 35. h3 Rg5 36. Rhf7 Re5 37. Rxf6 Re1+ 38. Kh2 f3 39. Rxf3
Re8 40. Rd4 Re7 41. Rg4+ Rg7 42. Rxg7+ Kxg7 43. c4 Kg6 44. c5 Kg5 45. c6 Kh4
46. c7 Kg5 47. c8=Q {belgiumbulldog resigns} 1-0

[Event "ICS rated standard match"]
[Site "207.99.5.190"]
[Date "1999.03.11"]
[Round "?"]
[White "Gataclone"]
[Black "Hossa"]
[Result "1-0"]
[WhiteElo "2011"]
[BlackElo "2262"]
[Annotator "Crafty v16.5"]
[PlyCount "110"]

{annotating for player Hossa using a scoring margin of +0.10 pawns. search
time limit is 20.00} 1. d4 1... Nf6 2. c4 g6 3. Nc3 Bg7 4. e4 d6 5. Nf3 Bg4 6.
Be2 O-O 7. Be3 Nc6 8. O-O Qe8 9. e5 dxe5 ({8:-0.37} 9... dxe5 10. Nxe5 Nxe5 11.
dxe5 Bxe2 12. Qxe2 Nd7 13. Nd5 Rc8 14. f4 14... Nb6 $14) ({8:-0.25} 9... Bxf3
10. Bxf3 dxe5 11. dxe5 Nxe5 12. Bxb7 Rb8 13. Qb3 Nxc4 14. Bxa7 $10) 10. Nxe5
Bxe2 11. Qxe2 Nxe5 12. dxe5 Nd7 13. f4 c6 14. Rad1 a6 ({9:-0.78} 14... a6 15.
Rd3 Nb8 16. Rfd1 Qc8 17. Bc5 Qc7 18. Qe4 18... b6 $16) ({9:-0.49} 14... Qc8 15.
Rd3 Re8 16. Rfd1 Nf8 17. R3d2 f6 18. Bc5 18... Qf5 $14) 15. Rd3 Rc8 ({10:-0.97
} 15... Rc8 16. Rfd1 Nb8 17. Bb6 f5 18. Qe3 Qf7 19. e6 Qe8 20. Na4 $16) ({
10:-0.81} 15... b5 16. Rfd1 Nb8 17. Bc5 f6 18. cxb5 axb5 19. exf6 Bxf6 20. b4
Bg7 21. Qe6+ 21... Qf7 $16) 16. Rfd1 Nb8 17. Ne4 Rc7 18. Qd2 Rc8 19. Bb6 c5 20.
Nxc5 Qc6 21. Rb3 Bh6 22. Qf2 Bg7 23. Qh4 Rfe8 24. Qe1 Bh6 25. Rd4 Bg7 26. Qd2
f6 27. e6 Rf8 28. f5 gxf5 29. Qf4 Kh8 30. Qxf5 Rg8 31. Rh4 Bh6 32. Qh3 Rcd8 33.
Nd7 Rc8 34. Ba7 Rxg2+ 35. Qxg2 Qxe6 36. Qxb7 Rg8+ 37. Rg3 Nxd7 38. Rxh6 Qe1+
39. Kg2 Qd2+ 40. Bf2 Qxh6 41. Qxd7 Qf8 42. Qa7 Qa8+ 43. Qxa8 Rxa8 44. Bb6 e5
45. c5 Rf8 46. c6 h6 47. Rd3 Rg8+ 48. Kh3 Kh7 49. Rd7+ Kg6 50. Bd8 Kh5 51. c7
Rg4 52. c8=Q Rh4+ 53. Kg3 Rg4+ 54. Kf2 Rg8 55. Qc3 Rg6 1-0

[Event "ICS rated blitz match"]
[Site "207.99.5.190"]
[Date "1999.03.11"]
[Round "?"]
[White "Hossa"]
[Black "mandamus"]
[Result "0-1"]
[WhiteElo "2491"]
[BlackElo "2620"]
[Annotator "Crafty v16.5"]
[PlyCount "188"]

{annotating for player Hossa using a scoring margin of +0.10 pawns. search
time limit is 20.00} 1. e4 1... e5 2. Nf3 Nc6 3. Bc4 Bc5 4. c3 ({9:-0.33} 4. c3
4... Nf6 5. d3 O-O 6. O-O d5 7. exd5 Nxd5 8. Bg5 8... Qd6 $15) ({9:-0.16} 4.
O-O 4... Nf6 5. d3 O-O 6. Nc3 d6 7. Bg5 Bg4 8. Qe2 $10) 4... Nf6 5. d4 exd4 6.
e5 Ne4 7. cxd4 ({9:-0.03} 7. cxd4 7... Bb4+ 8. Bd2 d5 9. exd6 Nxd6 10. Qe2+ Qe7
11. Qxe7+ Kxe7 12. Bd5 Bxd2+ 13. Nbxd2 Nb4 14. Be4 Nxe4 15. Nxe4 $10) ({9:+0.37
} 7. Qe2 7... d5 8. exd6 f5 9. dxc7 Qxc7 10. O-O Qe7 11. Bf4 Be6 12. Ng5 $14)
7... Bb4+ 8. Bd2 Nxd2 9. Nbxd2 O-O 10. O-O d6 11. Bb5 Bd7 12. exd6 Bxd6 13. Nc4
({9:-0.14} 13. Nc4 13... Bf4 14. Ne3 Re8 15. Nd5 Bd6 16. Re1 Nb4 17. Rxe8+ Qxe8
18. Bc4 Nxd5 19. Bxd5 $10) ({9:-0.01} 13. Ne4 13... Re8 14. Nxd6 cxd6 15. Rc1
Rc8 16. Re1 Qa5 17. Bxc6 Bxc6 18. Rxe8+ Rxe8 19. a3 $10) 13... Bf4 14. Qb3 Be8
15. Qc3 ({8:-0.31} 15. Qc3 15... Qd5 16. a4 Rd8 17. Ne3 Qe4 18. Bd3 18... Qe6
$15) ({8:-0.15} 15. Rad1 15... Qd5 16. Na5 Qxb3 17. Nxb3 Nb4 18. Bxe8 Raxe8 19.
g3 19... Bd6 $10) 15... Qd5 16. Bxc6 Bxc6 17. Rfe1 Rae8 18. Rad1 Rxe1+ 19. Rxe1
f6 20. Na5 Qxa2 21. Nxc6 bxc6 22. b3 Qa6 23. Qc2 Qb5 24. Ra1 a5 25. Qa2 Qd5 26.
Qxa5 Qxb3 27. Re1 Qd5 28. Qa7 Kf7 29. Re2 Re8 30. Rxe8 Kxe8 31. h4 Qe4 32. Qb7
g6 33. Kf1 Kd7 34. Qb3 Ke7 35. g3 Bd6 36. Qc3 Qd5 37. Qe3+ Kd7 38. Qc3 c5 39.
dxc5 Be7 40. c6+ Qxc6 41. Qd4+ Qd6 42. Qa4+ c6 43. Qa7+ Ke8 44. Qd4 Qxd4 45.
Nxd4 c5 46. Nc2 Bd6 47. Ke2 Kd7 48. Kd3 Be5 49. Kc4 Kd6 50. f4 Bb2 51. h5 gxh5
52. Ne3 Kc6 53. Nf5 Ba3 54. Ne7+ Kd6 55. Nf5+ Ke6 56. Ng7+ Kf7 57. Nf5 Bb4 58.
Kd5 Kg6 59. Ne7+ Kg7 60. Ke6 Bc3 61. Nf5+ Kf8 62. Kd5 Bb4 63. Ke6 c4 64. Ne3 c3
65. Kxf6 h4 66. gxh4 Be7+ 67. Ke6 Bxh4 68. Nc2 Kg7 69. f5 h5 70. Nb4 Bf6 71.
Kd5 h4 72. Ke4 h3 73. Kf3 Be5 74. Nc2 Kf6 75. Ne3 Kg5 76. f6 Kg6 77. f7 Kxf7
78. Nc2 h2 79. Kg2 Ke6 80. Ne3 Bf4 81. Nc2 Kf5 82. Nd4+ Ke4 83. Nc2 Kd3 84.
Nb4+ Kd2 85. Kh1 Bd6 86. Na2 c2 87. Kg2 Bg3 88. Kh1 Bf4 89. Kg2 Ke2 90. Kh1 Kf3
91. Nc1 Bxc1 92. Kxh2 Bf4+ 93. Kh3 c1=Q 94. Kh4 Qh1# 0-1

[Event "ICS rated blitz match"]
[Site "207.99.5.190"]
[Date "1999.03.11"]
[Round "?"]
[White "MarxBrothers"]
[Black "Hossa"]
[Result "0-1"]
[WhiteElo "2387"]
[BlackElo "2481"]
[PlyCount "51"]

1. Nf3 Nc6 2. d4 d5 3. Bf4 Bg4 4. e3 Bxf3 5. Qxf3 Nb4 6. Qd1 e6 7. a3 Nc6 8. c4
Bd6 9. Bg3 Bxg3 10. hxg3 dxc4 11. Bxc4 Nf6 12. Nc3 O-O 13. Qc2 e5 14. d5 Ne7
15. O-O-O Ng6 16. Kb1 Qd6 17. Ka1 Rad8 18. Ba2 c6 19. dxc6 Qxc6 20. Rc1 Qxg2
21. Rcg1 Qc6 22. Rh3 Rd6 23. Rgh1 Rfd8 24. Qxg6 Qxh1+ 25. Rxh1 hxg6 26. Bc4 {
MarxBrothers resigns} 0-1

[Event "ICS rated standard match"]
[Site "207.99.5.190"]
[Date "1999.03.11"]
[Round "?"]
[White "Eagle-1"]
[Black "Hossa"]
[Result "1-0"]
[WhiteElo "2460"]
[BlackElo "2237"]
[Annotator "Crafty v16.5"]
[PlyCount "104"]

{annotating for player Hossa using a scoring margin of +0.10 pawns. search
time limit is 20.00} 1. c4 1... e5 2. Nf3 e4 3. Nd4 Nf6 4. Nc3 Bc5 5. Nb3 Bb4
6. d3 Bxc3+ 7. bxc3 d6 ({9:-0.05} 7... d6 8. Bg5 exd3 9. exd3 O-O 10. Be2 Nc6
11. O-O Bf5 12. Re1 $10) ({9:+0.30} 7... O-O 8. Bg5 Re8 9. d4 d6 10. d5 Nbd7
11. Qd4 11... Qe7 $10) 8. f3 exd3 9. exd3 O-O 10. Be2 d5 11. O-O dxc4 12. dxc4
Qxd1 ({9:+0.11} 12... Qxd1 13. Rxd1 Bf5 14. Nd4 Re8 15. Bf4 Na6 16. Re1 Be6 17.
Rad1 $10) ({9:+0.35} 12... Qe7 13. Bg5 Nc6 14. Bd3 Rd8 15. Qe2 Be6 16. Rae1
16... Rac8 $15) 13. Rxd1 Re8 14. Re1 Be6 15. Bf4 Na6 16. Nd4 c5 17. Nb5 Nh5 18.
Bd6 Rad8 19. Rad1 Nf6 20. Nxa7 Bxc4 21. Bxc4 Rxd6 22. Rxe8+ Nxe8 23. Rb1 Rd8
24. Rxb7 Nd6 25. Nc6 Nxb7 26. Nxd8 Nxd8 27. Bxa6 g6 28. a4 Kf8 29. Bc4 Nc6 30.
Bd5 Na5 31. g4 f5 32. Kf2 f4 33. g5 Kg7 34. c4 Nb3 35. Ke2 h6 36. h4 Nc1+ 37.
Kd2 Nb3+ 38. Kd3 hxg5 39. hxg5 Na5 40. Ke4 Kf8 41. Kxf4 Ke7 42. Ke5 Nb3 43. a5
Nxa5 44. f4 Nb3 45. f5 gxf5 46. g6 Kf8 47. Kf6 Ke8 48. g7 Kd7 49. g8=Q Na5 50.
Qe6+ Kc7 51. Ke7 Nxc4 52. Qc6+ Kb8 1-0

[Event "ICS rated blitz match"]
[Site "207.99.5.190"]
[Date "1999.03.11"]
[Round "?"]
[White "MITOCAYO"]
[Black "Hossa"]
[Result "0-1"]
[WhiteElo "2195"]
[BlackElo "2493"]
[PlyCount "80"]

1. e4 c5 2. Nf3 Nc6 3. Nc3 Nf6 4. d3 e5 5. g3 Be7 6. Bg2 O-O 7. O-O d6 8. Nd5
Nxd5 9. exd5 Nb4 10. c4 Bf5 11. Ne1 Qc8 12. a3 Na6 13. Rb1 Bh3 14. b4 Bxg2 15.
Nxg2 cxb4 16. axb4 Qh3 17. Be3 Rfc8 18. b5 Nc5 19. Bxc5 Rxc5 20. Ra1 a5 21. Ra4
b6 22. Qf3 Bg5 23. Rfa1 Bf6 24. Ne3 e4 25. dxe4 Bxa1 26. Rxa1 Qh6 27. Ra4 Qg5
28. Nf5 Rd8 29. h4 Qc1+ 30. Kg2 Rxc4 31. Qg4 g6 32. Rxc4 Qxc4 33. Ne7+ Kf8 34.
Nc6 Re8 35. f3 Qxb5 36. Qg5 Qe2+ 37. Kh3 Qxf3 38. Qh6+ Kg8 39. Qg5 Qh1+ 40. Kg4
40... Qxe4+ {MITOCAYO resigns} 0-1

[Event "ICS rated standard match"]
[Site "207.99.5.190"]
[Date "1999.03.11"]
[Round "?"]
[White "Hossa"]
[Black "Mofongo"]
[Result "0-1"]
[WhiteElo "2230"]
[BlackElo "2572"]
[Annotator "Crafty v16.5"]
[PlyCount "95"]

{annotating for player Hossa using a scoring margin of +0.10 pawns. search
time limit is 20.00} 1. e4 1... e5 2. Nf3 Nc6 3. Bb5 a6 4. Bxc6 dxc6 5. d4 exd4
6. Qxd4 Qxd4 7. Nxd4 Bd7 8. O-O O-O-O 9. Rd1 ({9:-0.13} 9. Rd1 9... Bg4 10. f3
c5 11. fxg4 Rxd4 12. Nd2 Nf6 13. c3 $10) ({9:+0.02} 9. Be3 9... Nf6 10. Bg5 Be7
11. e5 Nd5 12. Bxe7 Nxe7 13. Nc3 13... Bf5 $10) 9... Bg4 10. Rd3 c5 11. Nb3 Bd6
12. Na5 Nf6 13. Bg5 Be5 14. Nc4 Bd4 15. Nc3 Be6 16. Ne3 c4 17. Rd2 h6 18. Bxf6
Bxf6 19. Ned5 c6 20. Nb6+ Kc7 21. Rxd8 Rxd8 22. Nba4 b5 23. Nc5 Bc8 24. Rd1 Bd4
25. Nd5+ Rxd5 26. Nxa6+ Bxa6 27. exd5 Bxb2 28. dxc6 Kxc6 29. Rb1 c3 30. Re1 Bc8
31. Re7 Bf5 32. Re2 Bc1 33. Re1 Bd2 34. Re8 Bxc2 35. Ra8 Bf5 36. a4 b4 37. g4
Bxg4 38. h3 Bxh3 39. Ra6+ Kb7 40. Ra5 c2 41. Kh2 Bf1 42. Rc5 b3 43. a5 c1=Q 44.
Rxc1 Bxc1 45. Kg1 Be2 46. Kg2 b2 47. a6+ Kxa6 48. f3 0-1

[Event "ICS rated bullet match"]
[Site "207.99.5.190"]
[Date "1999.03.11"]
[Round "?"]
[White "Hossa"]
[Black "COMP"]
[Result "0-1"]
[WhiteElo "2399"]
[BlackElo "2373"]
[Annotator "Crafty v16.5"]
[PlyCount "132"]

{annotating for player Hossa using a scoring margin of +0.10 pawns. search
time limit is 20.00} 1. e4 1... e5 2. Nf3 Nc6 3. Bc4 Bc5 4. c3 ({9:-0.33} 4. c3
4... Nf6 5. d3 O-O 6. O-O d5 7. exd5 Nxd5 8. Bg5 8... Qd6 $15) ({9:-0.16} 4.
O-O 4... Nf6 5. d3 O-O 6. Nc3 d6 7. Bg5 Bg4 8. Qe2 $10) 4... Nf6 5. d4 exd4 6.
e5 Ne4 7. Qe2 d5 8. exd6 f5 9. dxc7 Qxc7 10. O-O Qd6 11. Ng5 Qe7 12. Qh5+ ({
8:+0.52} 12. Qh5+ 12... g6 13. Qh6 dxc3 14. Bf7+ Kd7 15. Be6+ Kc7 16. Nxe4 fxe4
17. Bf4+ Bd6 18. Bxc8 $14) ({8:+1.30} 12. Re1 12... Bd7 13. Nxe4 fxe4 14. Qxe4
Bf5 15. Qxe7+ Bxe7 16. Bg5 d3 17. Nd2 $16) 12... g6 13. Qh6 Nd6 14. Bd5 Bd7 15.
cxd4 ({8:+0.25} 15. cxd4 15... Nxd4 16. Nc3 Bb4 17. Bd2 Bxc3 18. bxc3 Ne2+ 19.
Kh1 O-O-O 20. Rae1 20... Kb8 $10) ({8:+0.43} 15. Bf4 15... O-O-O 16. cxd4 Nxd4
17. Nc3 Rde8 18. Rad1 Kb8 19. Bxd6+ Qxd6 20. Nxh7 $14) 15... Nxd4 16. Nc3 Bb4
17. Bf4 Bxc3 18. Bxd6 Qxd6 19. Bf7+ Kd8 20. bxc3 Ne2+ 21. Kh1 Kc7 22. Bc4 Rhe8
23. Rad1 Qc5 24. Bxe2 Rxe2 25. Qxh7 Qe7 26. Qxg6 Rf8 27. Nf3 Rxa2 28. h3 Be8
29. Qh6 Bb5 30. Ra1 Bxf1 31. Rxa2 Ba6 32. Qf4+ Qd6 33. Qxd6+ Kxd6 34. Nd4 f4
35. g4 fxg3 36. fxg3 Rc8 37. Ra3 Ke5 38. Kg2 Ke4 39. h4 Kd3 40. Kf3 Rxc3 41.
Rxc3+ Kxc3 42. Ne2+ Kd2 43. Nf4 b5 44. Kg4 b4 45. h5 b3 46. h6 Bc8+ 47. Kg5 Bf5
48. Kxf5 b2 49. Kf6 b1=Q 50. Kg5 Ke3 51. Ng6 Qb5+ 52. Kh4 Qf5 53. Ne7 Qe4+ 54.
Kh5 Kf3 55. Kg5 Qxe7+ 56. Kg6 Qe6+ 57. Kg7 a5 58. g4 Qe7+ 59. Kg6 Kxg4 60. h7
Qf8 61. h8=Q Qxh8 62. Kf7 Qe5 63. Kf8 Kf5 64. Kg8 Kf6 65. Kh8 Kg6+ 66. Kg8 Qe8#
0-1

[Event "ICS rated standard match"]
[Site "207.99.5.190"]
[Date "1999.03.11"]
[Round "?"]
[White "ssedri"]
[Black "Hossa"]
[Result "0-1"]
[WhiteElo "2047"]
[BlackElo "2226"]
[PlyCount "34"]

1. e4 c5 2. Nc3 Nc6 3. f4 d6 4. Nf3 g6 5. Bb5 Bd7 6. Bxc6 Bxc6 7. O-O Bg7 8. d3
Qb6 9. Qe1 Nh6 10. Kh1 O-O-O 11. Qh4 Rde8 12. f5 Ng8 13. a4 Nf6 14. a5 Qb4 15.
Bd2 gxf5 16. exf5 Bxf3 17. Qxb4 17... cxb4 {ssedri resigns} 0-1

[Event "ICS rated bullet match"]
[Site "207.99.5.190"]
[Date "1999.03.11"]
[Round "?"]
[White "Hossa"]
[Black "Giantkiller"]
[Result "1-0"]
[WhiteElo "2383"]
[BlackElo "2197"]
[PlyCount "27"]

1. e4 e6 2. d4 b6 3. Nf3 Bb7 4. Bd3 Nf6 5. e5 Nd5 6. O-O d6 7. c4 Ne7 8. exd6
cxd6 9. Re1 Nbc6 10. d5 exd5 11. cxd5 Nb4 12. Qa4+ Qd7 13. Bb5 Nbc6 14. dxc6 {
Giantkiller resigns} 1-0

[Event "ICS rated standard match"]
[Site "207.99.5.190"]
[Date "1999.03.11"]
[Round "?"]
[White "Hossa"]
[Black "lupus2"]
[Result "0-1"]
[WhiteElo "2242"]
[BlackElo "2457"]
[Annotator "Crafty v16.5"]
[PlyCount "108"]

{annotating for player Hossa using a scoring margin of +0.10 pawns. search
time limit is 20.00} 1. e4 1... e5 2. Nf3 Nc6 3. Bc4 Bc5 4. c3 ({9:-0.33} 4. c3
4... Nf6 5. d3 O-O 6. O-O d5 7. exd5 Nxd5 8. Bg5 8... Qd6 $15) ({9:-0.16} 4.
O-O 4... Nf6 5. d3 O-O 6. Nc3 d6 7. Bg5 Bg4 8. Qe2 $10) 4... Nf6 5. d4 exd4 6.
e5 d5 7. Bb5 Ne4 8. Bxc6+ bxc6 9. cxd4 Be7 10. Qa4 Bd7 11. O-O c5 12. Qc2 cxd4
13. Nxd4 c5 14. Ne2 Bf5 15. Qa4+ Qd7 16. Qxd7+ Bxd7 17. f3 Ng5 18. Nbc3 Bc6 19.
f4 Ne6 20. f5 Nc7 21. f6 Bf8 22. fxg7 Bxg7 23. Bf4 d4 24. Nd1 Rg8 25. Rc1 d3
26. Ng3 Ne6 27. Nh5 Bxe5 28. g3 Nxf4 29. Nxf4 d2 30. Rc2 Rd8 31. Ne2 Rg5 32.
Rf2 Bh8 33. Rf4 Re5 34. Kf2 Be4 35. Rxc5 Rxc5 36. Rxe4+ Kf8 37. Nf4 Rc2 38. Rb4
Re8 39. Nd5 a5 40. Rh4 Rxb2 41. Kf3 Rxa2 42. Rxh7 Ra3+ 43. Kg2 Ba1 44. Nf4 Re1
45. Nf2 Bd4 46. N4h3 Ra2 47. Kf3 Rf1 48. Ke4 Bxf2 49. Nxf2 Rxf2 50. Rh8+ Ke7
51. Rd8 Kxd8 52. Kd5 d1=Q+ 53. Kc5 Rab2 54. g4 Rfc2# 0-1

[Event "ICS rated blitz match"]
[Site "207.99.5.190"]
[Date "1999.03.11"]
[Round "?"]
[White "Hossa"]
[Black "Speedy"]
[Result "0-1"]
[WhiteElo "2498"]
[BlackElo "2263"]
[Annotator "Crafty v16.5"]
[PlyCount "47"]

{annotating for player Hossa using a scoring margin of +0.10 pawns. search
time limit is 20.00} 1. e4 1... c5 2. Bc4 a6 3. Nc3 b5 4. Bxf7+ Kxf7 5. Qh5+ g6
6. Qd5+ e6 7. Qxa8 Nc6 8. Nf3 Qc7 9. d3 b4 10. Ne2 h6 11. Bf4 d6 12. Nh4 Nge7
13. Bg3 ({9:-0.86} 13. Bg3 13... Bb7 14. Bxd6 Qd7 15. Qxb7 Qxb7 16. Bxc5 Qb5
17. Bd6 $17) ({9:+0.18} 13. Bxd6 13... Qxd6 14. O-O-O Nd4 15. Nxd4 cxd4 16. Nf3
Bg7 17. Rhe1 17... Bd7 $10) 13... g5 14. Nf3 Ng6 15. e5 d5 16. Ned4 cxd4 17.
Nxd4 Nxd4 18. Rd1 Nc6 19. f4 Bb7 20. Qxb7 Qxb7 21. fxg5 hxg5 22. O-O+ Kg7 23.
d4 Be7 24. Rf3 0-1

[Event "ICS rated blitz match"]
[Site "207.99.5.190"]
[Date "1999.03.11"]
[Round "?"]
[White "Hossa"]
[Black "Speedy"]
[Result "1-0"]
[WhiteElo "2473"]
[BlackElo "2288"]
[PlyCount "23"]

1. e4 c5 2. Bc4 a6 3. Nc3 b5 4. Bxf7+ Kxf7 5. Qh5+ g6 6. Qd5+ e6 7. Qxa8 Nc6 8.
Nf3 Qc7 9. d3 h6 10. Bf4 d6 11. e5 d5 12. Nxd5 {Speedy resigns} 1-0